MCU characters by image - C - Statistics

General Stats
  • This quiz has been taken 65 times
  • The average score is 9 of 12
Answer Stats
Picture Answer % Correct
Captain America
100%
Captain Marvel
98%
Carnage
96%
Clint Barton
85%
Captain Carter
76%
Charles Xavier
75%
Carol Danvers
67%
Cassie Lang
67%
Cosmo
62%
Christine Palmer
60%
Cassandra Nova
49%
Claire Temple
27%
No matching quizzes found
Score Distribution
Percent of People with Each Score
Percentile by Number Answered
Your Score History
You have not taken this quiz